[Event "Moscow Aeroflot op-A"]
[Site "Moscow"]
[Date "2004.02.22"]
[Round "6"]
[White "Minasian, Ara"]
[Black "Fedorov, Alexei"]
[Result "0-1"]
[WhiteElo "2499"]
[BlackElo "2601"]
[Annotator "Stohl,I"]
[PlyCount "120"]
[EventDate "2004.02.17"]
[EventType "swiss"]
[EventRounds "9"]
[EventCountry "RUS"]
[SourceTitle "CBM 100"]
[Source "ChessBase"]
[SourceDate "2004.06.01"]
[SourceVersion "1"]
[SourceVersionDate "2004.06.01"]
[SourceQuality "1"]

1. d4 Nf6 2. Nf3 g6 3. g3 Bg7 4. Bg2 O-O 5. O-O d6 6. c4 Nc6 7. Nc3 a6 8. d5
Na5 9. Nd2 c5 10. Rb1 Bf5 $5 {An interesting and quite a novel approach. Black
doesn't play the usual} (10... Rb8 {, followed by b5 and << play, something
which Fedorov himself did quite a few times after 10.Qc2. As we will see in
the game, Black wants to play more on the >>, seemingly limiting himself to
passive defence on the other flank. If, however, White attempts to play
actively on the <->b himself, Black has far better chances of reactivating his
problematic Na5, than in the other lines (see the typical manoeuvre on moves
17-18).}) ({Another original idea by Fedorov is} 10... Ng4 11. Qc2 b5 $6 12.
cxb5 axb5 13. Nxb5 Bf5 14. Be4 (14. e4 {is more logical}) 14... Bd7 15. a4 Qb6
16. b4 cxb4 17. Rxb4 f5 18. Bg2 Rfc8 19. Qb1 (19. Qd1 $5 $14) 19... Qc5 20. Ba3
Qc2 21. Rd1 Qxb1 22. Rbxb1 Nc4 $11 {Kristensen,K-Fedorov,V/Tastrup/1992/}) 11.
e4 Bd7 (11... Bg4 {only helps White to make a useful move-} 12. Qc2 b5 13. h3
Bd7 14. b3 $14) 12. b3 (12. Qe2 e6 $1 {Black immediately starts playing
against White's Q by opening the <->e.} (12... Rb8 $143 13. a3 Nh5 14. f4 b5
15. e5 b4 16. axb4 cxb4 17. Nd1 f5 18. b3 Nb7 19. Nf2 Nc5 20. Bb2 Qc7 21. Rfe1
$36 {[%csl Gc4,Gd5,Ge5,Gf4] [+],Kiseleva,N-Shliahtich,G/Alushta/1999/}) 13. a3
(13. b3 Re8 $132) 13... exd5 14. cxd5 Qc7 15. b3 b5 16. Nd1 Rfe8 17. Ne3 c4 (
17... b4 $13 {/\} 18. a4 c4 $1 19. bxc4 Rab8 $44) 18. b4 $2 (18. bxc4 $1 bxc4
19. Bb2 {/\} c3 20. Rfc1 $14) 18... c3 $1 19. bxa5 cxd2 20. Bxd2 Nxe4 21. Rfc1
Qa7 22. Bxe4 Rxe4 23. Bc3 Bh6 24. Qf3 f5 25. Re1 Rae8 $17 {Hulak,K-Fedorov,A/
CRO-chT Pula/2001/}) 12... e5 $1 $146 {[%mdl 8] This novelty fits in with
Black's plan described in the note to move 10. Previously everyone played} (
12... b5 13. Qc2 (13. Bb2 Rb8 14. Ba1 e6 15. cxb5 exd5 16. Nxd5 axb5 17. b4 Nb7
18. Nxf6+ Bxf6 19. Bxf6 Qxf6 $11 {Maciejewski,M-Ciemniak,R/POL-chT Lubniewice/
1993/}) 13... Rb8 14. Bb2 (14. Nd1 $5 e5 15. f4 $13) 14... e5 (14... bxc4 15.
bxc4 e5 16. Ne2 Bh6 17. Bc3 Nb7 18. Rb2 Nh5 19. Rfb1 Qc7 20. a4 f5 21. Rb6 fxe4
22. Nxe4 $16 {Ivanisevic,I-Abramovic,B/YUG-chT Budva /2002/}) 15. Ne2 Nb7 16.
h3 Nh5 17. f4 f5 $5 18. fxe5 dxe5 19. exf5 gxf5 20. Nf3 Qe7 $132 {Kozak,
L-Wisniewski,A/WChJ U18/2000/}) 13. Bb2 {Although the B is passive here, White
needs this move to connect his R.} h5 14. a3 {This is inconsistent, as White
has no realistic chances on the <<.} (14. Qc2 $13 {[%cal Yb1e1,Yc3d1,Yf2f4] /
\Rbe1,Nd1,f4 White's chances lie on the other side of the board.}) (14. Qe2 $5
{with similar intentions is also possible.}) 14... b6 $5 {As indicated above,
Black is quite content to keep the << closed for the time being.} (14... b5 15.
Qe2 $14 {[%csl Ra5] פa5}) 15. b4 (15. Ne2 $5 Qe7 16. Bc3 $13) 15... Nb7 16.
Qe2 (16. b5 Na5 {[%csl Rc4] <=>><c4}) 16... h4 17. Nd1 $6 (17. b5 $142 $13)
17... cxb4 $1 {[%mdl 36] A model example of a well-timed important strategic
decision. Fedorov chooses the best moment to change the P-structure. Black
activates his Nb7 and gets a comfortable position with active prospects.} 18.
axb4 a5 19. Ba3 {Without the B on the /^a1-h8 active play with f4 will be
difficult, but even after} (19. bxa5 $5 Rxa5 (19... bxa5 $2 20. Bxe5 $1 $16)
20. Bc3 (20. Nb3 Ra2 $1 21. Nc3 Ra8 22. f4 Nh5 $15 {and White's [+] is shaky.})
20... Ra2 21. Rb2 Rxb2 22. Nxb2 Nc5 $11 {/=/+ Black is doing fine.}) 19... axb4
20. Bxb4 Nc5 21. Nc3 Bh6 $1 $15 22. Nb5 (22. f4 hxg3 23. hxg3 Nh5 $36) (22. Ra1
$2 Rxa1 23. Rxa1 Bxd2 24. Qxd2 Nb3 $17) (22. Nb3 $142 Qe7 $1 $15 (22... Bg4 23.
Bf3 $11)) 22... Qe7 {[%cal Ra8a2] /\Ra2} 23. Nb3 Bg4 $1 {Now White faces an
unpleasant choice.} (23... h3 24. Bf3 $11) (23... Ra4 24. Nxc5 bxc5 25. Bc3
Rfa8 26. Ra1 $132) 24. Qc2 $2 (24. Bf3 $2 Bxf3 25. Qxf3 Nfxe4 $17) (24. f3 Bd7
{[%cal Rh4h3,Yf6h5] /\Nh5,h3|^} 25. Rfd1 Nh5 26. Nxc5 bxc5 27. Be1 $15 {
weakens the >>, but was still the lesser evil.}) 24... h3 {Anand,V (2735)
-Kasparov,G (2785) Geneve PCA-GP Credit Suisse rapid 1996 (4.1) 0-1 Now
White's B will remain passive till the bitter end, while the Ph3 will have a
huge cramping influence-we'll see more or less all endgames are hopeless for
White. For a similar "thorn in the flesh" see also} 25. Bh1 Nh5 $17 {[%csl Rg1,
Rh1] /-+,ץh1,Kg1 Stops any ideas with f4, while Black himself might
contemplate f5.} 26. Nxc5 (26. Ra1 $5 f5 $17 {->}) 26... bxc5 27. Bd2 Bxd2 28.
Qxd2 Ra4 29. Rfc1 Rfa8 {Black has stabilized his large positional advantage,
adding the vulnerable back rank to White's troubles.} 30. Qe3 (30. f4 $2 Ra2
31. Qe3 exf4 32. gxf4 Re2 $19) 30... Qf6 31. Nc7 Rc8 32. Nb5 Kh7 $1 33. f3 (33.
Ra1 Rca8 {doesn't help.}) 33... Bd7 34. Rb2 g5 $1 {Black has time to stop any
possible <=> and prepare his own invasion with g4.} 35. Qe2 Rca8 36. Nc3 Ra3
37. Nd1 g4 $1 $19 38. Rc3 (38. fxg4 Qg5 $5 {[%cal Rd7g4] /\Bg4-+} (38... Nxg3
39. Qf2 (39. hxg3 $2 Rxg3+ 40. Kh2 Qf4 $19) 39... Qxf2+ 40. Nxf2 (40. Rxf2 Nxh1
41. Rxf7+ Kg6 42. Rxd7 Ra1 $19) 40... Ra1 41. Rcb1 Ne2+ 42. Kf1 Nf4 $19)) 38...
Qg5 39. Qd2 {White can't allow a penetration of Black's major pieces:} (39.
Rxa3 Rxa3 40. Rb7 Ba4 {[%cal Ra3a1] /\Ra1-+} 41. Rxf7+ Kg8 42. Rf5 Qc1 43. Rxh5
Bxd1 44. Qe1 Re3 $19) 39... Qxd2 40. Rxd2 Rxc3 41. Nxc3 Ra3 42. Nd1 (42. Rd3 f5
$5 $19 (42... Ba4 43. fxg4 Ra1+ 44. Kf2 Rxh1 45. gxh5 Rxh2+ 46. Kg1 Rg2+ 47.
Kh1 Bb3 48. g4 Bxc4 49. Rxh3 Rxg4 50. Rf3 $17)) 42... Ba4 $1 (42... gxf3 $143
43. Kf2 $17) 43. Kf2 $8 (43. fxg4 Nf6 44. Rf2 (44. g5 Ng4 {[%cal Ra3a1] /\Ra1-+
}) 44... Kg6 $19) 43... Bxd1 {Black has already more than one way to win:} (
43... Nf6 44. Nb2 Ra1 $5 (44... Bb3 45. Re2 $17) 45. Nxa4 Rxh1 46. Ke3 gxf3 47.
Kxf3 Rf1+ $19) 44. Rxd1 Ra2+ 45. Kg1 (45. Ke3 Rxh2 $19 (45... Nf6 $19)) 45...
Nf6 46. Re1 (46. f4 exf4 47. gxf4 Nh5 48. e5 g3 $1 49. Be4+ Kh6 $19) 46... Kg6
47. fxg4 Rc2 $5 (47... Nxg4 48. Bf3 Kg5 $1 (48... Nxh2 $2 49. Be2) 49. Be2 Rc2
$22 (49... Ne3 50. Bf1 Nxf1 51. Rxf1 Rg2+ 52. Kh1 Re2 53. Kg1 Rxe4 54. Rxf7
Rxc4 $19 {is similar to the game, but the text-move is convincing as well.}))
48. Bf3 Kg5 49. Ra1 (49. Re2 Rxc4 $19 (49... Rxe2 50. Bxe2 Nxe4 51. Bd3 Nc3 $5
$19)) 49... Nxg4 (49... Rxc4 50. Ra6 Rc1+ 51. Kf2 Rc2+ 52. Ke3 (52. Kg1 Nxg4
53. Bxg4 Kxg4 54. Rxd6 Rg2+ 55. Kh1 Rd2 56. Kg1 c4 57. Rc6 Kf3 $1 $19 {We'll
see the same motif in the game as well.}) 52... Rxh2 53. Rxd6 Ra2 $19) 50. Bxg4
Kxg4 {The R_|_ with the K pinned to the permanently weak (from move 24
onwards!) back rank is absolutely hopeless.} 51. Rf1 Rg2+ 52. Kh1 Re2 53. Kg1
Rxe4 54. Rxf7 Rxc4 55. Rf6 (55. Rg7+ Kf3 56. Rf7+ Ke4 57. Rh7 Rc1+ 58. Kf2 Rc2+
59. Kg1 Rg2+ $19) 55... Rc2 56. Rxd6 Rg2+ 57. Kh1 Rd2 58. Kg1 c4 59. Rc6 $8 Kf3
$1 60. Rf6+ (60. Rxc4 Rd1#) 60... Ke3 (60... Ke3 61. d6 (61. Rf1 c3 $19) 61...
Rd1+ 62. Rf1 Rxf1+ 63. Kxf1 c3 64. d7 c2 65. d8=Q c1=Q+) 0-1

[Event "Dos Hermanas"]
[Site "Dos Hermanas"]
[Date "1995.??.??"]
[Round "9"]
[White "Karpov, Anatoly"]
[Black "Polgar, Judit"]
[Result "1/2-1/2"]
[WhiteElo "2780"]
[BlackElo "2630"]
[Annotator "Dautov,R"]
[PlyCount "92"]
[EventDate "1995.04.??"]
[EventType "tourn"]
[EventRounds "9"]
[EventCountry "ESP"]
[EventCategory "18"]
[SourceTitle "CBM 047"]
[Source "ChessBase"]
[SourceDate "1995.08.01"]
[SourceVersion "1"]
[SourceVersionDate "1995.08.01"]
[SourceQuality "1"]

1. d4 {Tischbierek} Nf6 2. c4 g6 3. g3 Bg7 4. Bg2 O-O 5. Nc3 d6 6. Nf3 Nc6 7.
O-O e5 8. d5 Ne7 9. e4 Kh8 $5 {Diese Neuerung aus dem Hause Polgars ist
eindeutig gegen Karpovs Plan mit Ne1-d3 und f4 gerichtet.} (9... Nd7) (9... Ne8
) 10. Ne1 (10. b4 a5 11. bxa5 Rxa5 12. a4 Nd7 13. Ba3 h6 {führt mit
Zugumstellung zur Hauptvariante 9...Nd7.}) (10. Rb1 $5 Nd7 11. b4 h6 (11... f5
$2 12. Ng5 $16) 12. Nh4 f5 13. exf5 gxf5 14. Qc2 $14 {mit der Idee f4
verdiente Beachtung.}) 10... Nfg8 11. Nd3 f5 12. f4 exf4 13. Nxf4 (13. Bxf4 {
/\e5} fxe4 14. Nxe4 h6 15. Qd2 g5 16. Be3 Nf5 $10) 13... Nf6 14. exf5 (14. Ne6
$6 Bxe6 15. dxe6 fxe4 16. Nxe4 Nxe4 17. Bxe4 Rxf1+ 18. Qxf1 c6 19. Be3 d5 20.
cxd5 cxd5 21. Bg2 Qd6 $15) (14. Kh1 fxe4 15. Nxe4 Nxe4 16. Bxe4 c6 $132) 14...
Nxf5 15. Kh1 {Die entstandene Stellung ist fast symmetrisch, jedoch dank der
Schwäche des Feldes e6 steht Weiß etwas angenehmer.} Re8 16. a4 $1 {Ein
interessanter Plan. Auf der dritten Reihe hat der weiße Turm gute Aussichten.}
(16. Bd2 Nd4 $1 $13 {/\Bg4,Bf5}) 16... a5 (16... Ne3 $2 17. Bxe3 Rxe3 18. Qd2
Re5 19. Rae1 $14) 17. Ra3 Qe7 (17... Ne3 18. Bxe3 Rxe3 19. Qd2 Qe7 20. Nb5 Rxa3
21. bxa3 $5 Bf5 22. Re1 $14) (17... Bd7 {war vorsichtiger und besser.}) 18. Bd2
$1 {Jetzt ist dieser Zug angebracht.} (18. Nb5 Ne4 $1 $13) 18... Nd4 19. Re1
Qf7 20. Rxe8+ Nxe8 (20... Qxe8 21. Nb5 Nxb5 22. cxb5 $1 (22. axb5 Ng4 $13)
22... Ng4 23. Qc1 $14 {><c7}) 21. Ne4 $1 h6 22. Re3 {Etwas passiv gespielt. Es
war an der Zeit, aktiv zu handeln:} (22. g4 $1 {Dieser Zug kreist den
schwarzen Nd4 ein und gleichzeitig öffnet dem weißen Turm den Weg nach h3.
Schwarz hätte einige Probleme, z.B:} Be5 (22... Bd7 23. Be3 (23. Rh3 c6 24. Be3
c5 $14) 23... c5 24. dxc6 Bxc6 (24... bxc6 25. Rd3 $16) 25. Nd5 Ne6 26. Qd2 $14
) (22... Nf6 23. Nxf6 (23. Rg3 g5 24. Nd3 $10) 23... Qxf6 24. Be3 (24. Re3 Bd7
25. Re7 Rd8 $13) 24... c5 25. dxc6 Nxc6 26. Rd3 $16) 23. Nd3 Bg7 24. Ndf2 $14 {
/\Rh3}) 22... Bd7 23. Re1 (23. b3 $5) 23... g5 $1 24. Nd3 {Da 24.Nh5? an 24...
Bxa4 scheitert, muß der Nf4 seinen stolzen Posten verlassen und d.h., Schwarz
hat keine Sorgen mehr.} Nf6 25. Rf1 Bf5 26. Nef2 Qg6 27. Bc3 Ne4 $1 28. Bxd4
Bxd4 29. Nf4 $1 Nxf2+ 30. Rxf2 Qf6 31. Nh5 Bg4 $1 {In den taktischen
Verwicklungen fühlt sich J.Polgar wie immer sicher.} (31... Qe5 $4 32. Rxf5 $18
) 32. Rxf6 Bxd1 33. Rxh6+ Kg8 34. h4 (34. Rg6+ $2 Kh7 35. Rxg5 Kh6 $17) 34...
gxh4 35. Bh3 $1 Bxh5 {Das vereinfacht die Stellung. Die Alternative schien
Schwarz zu riskant.} (35... hxg3 $5 36. Be6+ Kf8 37. Nxg3 Bxb2 (37... Bc2 $10 {
Tischbierek}) 38. Nf5 {Tischbierek} (38. Rg6 Re8 39. Nf5 Rxe6 40. dxe6 (40.
Rxe6 {Tischbierek} Bxa4 $15) 40... Bxa4 $15 {Tischbierek}) (38. Rh7 Bxa4 39.
Rxc7 Bc2 40. Rxb7 Be5 $15) 38... Bxa4 $4 (38... Bc2 39. Rg6 $10 (39. Rh7 Bxf5
40. Bxf5 Bg7 $10) 39... Bxf5 40. Bxf5 Re8 41. Be6 $10) 39. Rg6 $18) (35... Bxb2
{Tischbierek} 36. Be6+ Kf8 37. g4 $1 (37. gxh4 Bxa4 38. Rh7 Be8 $13) 37... Bxa4
38. g5 Be8 (38... Bd1 39. Rg6 (39. Nf6 Kg7 40. Bf5 Bxf6 41. Rh7+ Kg8 42. gxf6
Rf8 43. Rg7+ Kh8 44. Rh7+ $10) 39... Bxh5 40. Rg8+ Ke7 41. Rxa8 $10) (38... Bc2
39. Nf6 Ke7 (39... Kg7 40. Nh5+ Kf8 41. Nf6) 40. Ng8+ Rxg8 41. Bxg8 a4 (41...
Bc1 42. Bh7 (42. Rxh4 Bxg5) 42... Bb3 $19) 42. Bh7 a3 43. Bxc2 a2 44. Re6+ Kd8
45. Re1 $10) 39. Nf6 Kg7 40. Bf5 Bxf6 41. Rh7+ Kg8 42. gxf6 $14) 36. Rxh5 hxg3
37. Rg5+ Kf7 38. Rxg3 $10 Bxb2 39. Rb3 Bd4 40. Rxb7 Bb6 41. c5 Bxc5 42. Rxc7+
Kf6 43. Bc8 Ke5 44. Kg2 Bb6 45. Re7+ Kd4 46. Bb7 Rf8 1/2-1/2

[Event "WchT 11th"]
[Site "Khanty-Mansiysk"]
[Date "2017.06.25"]
[Round "8.3"]
[White "Gajewski, Grzegorz"]
[Black "Fedorov, Alexei"]
[Result "1-0"]
[WhiteElo "2628"]
[BlackElo "2598"]
[Annotator "Krasenkow,M"]
[PlyCount "103"]
[EventDate "2017.06.17"]
[EventType "team-tourn"]
[EventRounds "9"]
[EventCountry "RUS"]
[SourceTitle "CBM 179"]
[Source "ChessBase"]
[SourceDate "2017.07.12"]
[SourceVersion "1"]
[SourceVersionDate "2017.07.12"]
[SourceQuality "1"]
[WhiteTeam "Poland"]
[BlackTeam "Belarus"]
[WhiteTeamCountry "POL"]
[BlackTeamCountry "BLR"]

1. d4 Nf6 2. c4 g6 3. g3 Bg7 4. Bg2 O-O 5. Nc3 d6 6. Nf3 Nc6 7. O-O Bf5 8. Nh4
Bd7 9. f4 {This move is prophylaxis against ...e7-e5, rather than a start of a
"kingside attack"} Na5 (9... e5 10. fxe5 dxe5 11. d5 Nd4 12. e3 Nf5 13. Nxf5
Bxf5 14. e4 Bd7 15. Bg5 h6 16. Be3 b6 17. h3 Ne8 18. b4 a5 19. a3 axb4 20. axb4
Rxa1 21. Qxa1 f5 22. Qc1 $14 {1/2 (42) Agzamov,G (2590)-Imanaliev,T (2385)
Frunze 1985}) (9... a6 10. Nf3 Na5 11. c5 Bf5 12. Qa4 c6 13. Nh4 b5 14. cxb6
Qxb6 15. Nxf5 gxf5 16. e3 Rac8 17. Bd2 e6 18. b3 $14 {1-0 (67) Korobov,A (2705)
-Kempinski,R (2580) Legnica 2013}) (9... Qc8 10. d5 Na5 11. Qd3 c6 $2 12. b4
cxd5 13. bxa5 dxc4 14. Qd2 Qc5+ 15. Kh1 d5 16. e3 Bc6 17. Bb2 $16 {1-0 (25)
Korobov,A (2571)-Gurieli,N (2345) Dubai 2004}) 10. b3 (10. Qd3 $6 c5 11. d5 a6
12. b3 b5 13. Bd2 Rb8 14. Rac1 Qc7 15. e4 bxc4 16. bxc4 Rb2 $132 {1-0 (38)
Kortschnoj,V-Gufeld,E Tallinn 1965}) (10. e4 $5 {is probably more appropriate
than the text move:} Nxc4 11. e5 dxe5 (11... Ne8 $142 12. Bxb7 $14) 12. dxe5
Ng4 13. Qe2 Na5 14. b4 Nc6 15. Rd1 Qc8 16. b5 $16 {1-0 (35) Ju,W (2531)-Zenyuk,
I (2250) Ningbo 2013}) 10... c5 $1 11. dxc5 dxc5 12. Bd2 Bc6 {Black wants to
exchange light-squared bishops before returning his a5 knight into play. He
wants too much from the position, though.} (12... Nc6 $142 $11) 13. Nd5 {
[%mdl 512] White sactifices an exchange to obtain a strong pawn centre.} (13.
e4 {[%csl Ra5,Rc6] was quite possible but hardly enough for an advantage:} Nxe4
$1 14. Nxe4 Bxe4 15. Bxa5 Bd4+ 16. Rf2 $1 Qxa5 17. Bxe4 Bxf2+ 18. Kxf2 Rad8 {
[%cal Yd8d2]} 19. Qe1 Rd2+ 20. Kf1 {[%cal Rh4f3]} b6 $8 {[%cal Rd2a2]} 21. a4
Rfd8 (21... Rb2 $143 22. Qxa5 bxa5 23. Rb1) 22. Rb1 $1 Ra2 23. Qxa5 bxa5 24.
Nf3 Rd6 {- White can hardly make progress here.}) 13... Nxd5 14. cxd5 Bb5 $6 {
Black declines the sac, and White obtains a strong centre free of charge.} (
14... Bxa1 {was bad due to} 15. Qxa1 Bb5 16. Qc3 b6 17. f5 $40) ({but after
the intermediate} 14... Bd4+ $1 {the position remains unclear:} 15. e3 (15. Kh1
$2 Bxd5 16. Bxa5 Bxg2+) (15. Rf2 Bb5) 15... Bxa1 16. Qxa1 (16. dxc6 $2 Nxc6)
16... Bb5 17. Rf2 b6 18. e4 e6 $1 {although White obviously keeps good
compensation for the material.}) 15. Rc1 {[%csl Ra5,Gd5]} Rc8 16. Bc3 (16. Bh3
$5) 16... Qb6 17. Bxg7 Kxg7 18. Rf2 Ba6 19. Qd2 (19. e4 {was premature due to}
c4) ({but} 19. Qc2 $1 {was very strong:} Kg8 (19... c4 20. Qc3+ {[%cal Yb3b4]})
(19... Qb4 20. f5 $1 c4 $140 21. Qe4) 20. Bh3 Rc7 (20... Rcd8 21. Qxc5 Qxc5 22.
Rxc5 b6 23. Rc7 Rxd5 24. Rxa7 {winning a pawn}) 21. Qc3 {and Black is out of
moves.}) 19... Qb4 $1 20. e4 $6 {The exchange of queens releases White's
pressure.} (20. Qe3 $142 $16) 20... Qxd2 21. Rxd2 b6 22. Nf3 Rfd8 23. Bh3 Ra8
24. Kf2 Bb5 25. Ke3 f6 26. Be6 Bd7 27. f5 (27. Bxd7 Rxd7 28. g4 $36) 27... gxf5
28. exf5 Nb7 29. Kf4 Nd6 30. g4 Rac8 31. Rg1 $6 (31. g5 $1) 31... Bxe6 32. dxe6
c4 $13 {Black has consolidated his position and starts counterplay.} 33. Rgd1
cxb3 (33... c3 $5) 34. axb3 Rc3 35. Rd3 Rdc8 36. Nd4 a5 37. Ne2 Rc2 38. R1d2 a4
39. bxa4 R8c4+ 40. Kf3 Rxd2 41. Rxd2 {[%mdl 4096]} Rxa4 42. Nf4 Nc4 43. Rd7
Ne5+ 44. Kg3 Ra3+ 45. Kg2 Nxg4 $2 {This endgame was not quite easy for Black
but still he had several ways to keep good drawing chances, e.g.} (45... Ra2+
46. Kf1 (46. Kg3 Ra3+ 47. Kh4 Ra4 (47... Kh6 $5 48. Rxe7 Nf3+ 49. Kg3 Ne5+ 50.
Kg2 Ra2+ 51. Kf1 Nxg4 {- 45...Kh6}) 48. Nh5+ Kh6 49. Nxf6 exf6 50. e7 Rxg4+ 51.
Kh3 Rg7 52. e8=Q Rxd7 $11) 46... Ra4 47. Nh5+ (47. Nd5 Rd4 48. Rxe7+ Kf8) 47...
Kh6 48. Rxe7 Nxg4 49. Ng3 Nxh2+ 50. Kg1 Ng4 {, and he should not lose.}) ({or} 
45... Kh6 46. Rxe7 Ra2+ 47. Kf1 Nxg4) 46. Rxe7+ Kh6 47. h4 $2 (47. Rf7 {
[%cal Re6e7] was correct, and only after} Ne3+ 48. Kf2 Nxf5 49. h4 $3 Ra2+ 50.
Ke1 Ra5 51. Rxf6+ Kg7 52. Nh5+ Kg8 53. Rf7 {[%cal Rh5f6]} Re5+ 54. Kf2 Rxe6 55.
Rxf5 $18) 47... Ra4 $2 (47... Ne5 $1 {, and White can't win.}) 48. Nd5 $1 {
An important move, attacking the f6-pawn and preventing ...Ng4-e3.} Rd4 49. Kg3
$1 Rxd5 50. Kxg4 $18 {[%cal Re7f7] The rook endgame is easily winning for
White.} Rd4+ 51. Kf3 Rxh4 52. Rf7 {[%cal Re6e7,Rf7f6]} 1-0

[Event "RUS-CHN Summit Men 4th"]
[Site "Nizhnij Novgorod"]
[Date "2007.08.22"]
[Round "3"]
[White "Wang, Yue"]
[Black "Inarkiev, Ernesto"]
[Result "1/2-1/2"]
[WhiteElo "2696"]
[BlackElo "2663"]
[Annotator "Krasenkow,M"]
[PlyCount "162"]
[EventDate "2007.08.20"]
[EventType "schev"]
[EventRounds "10"]
[EventCountry "RUS"]
[SourceTitle "CBM 120"]
[Source "ChessBase"]
[SourceDate "2007.10.02"]
[SourceVersion "1"]
[SourceVersionDate "2007.10.02"]
[SourceQuality "1"]

1. d4 Nf6 2. c4 g6 3. Nc3 Bg7 4. Nf3 O-O 5. g3 d6 6. Bg2 Nc6 7. O-O Rb8 8. Qd3
{A rare continuation. See CBM102, annotations to Berkes-Nevednichy by GM I.
Stohl.} e5 {Practice has also seen:} (8... Nb4) (8... Nd7) (8... Bd7) (8... Bf5
) (8... Bg4) 9. d5 (9. dxe5 {is harmless, of course:} dxe5 10. Qxd8 Rxd8 11.
Bg5 Be6 (11... h6 12. Bxf6 Bxf6 13. Nd5 Bg7 14. Rad1 Be6 15. Nd2 Rbc8 16. Ne4
Bf8 17. Nec3 Kg7 18. b3 f5 19. Nb5 Rd7 20. Ndc3 Rxd1 21. Rxd1 Bb4 22. a3 {
1/2-1/2 Grabarczyk,M-Markowski,T/Glogow 2001/EXT 2002}) 12. Nd2 h6 13. Bxf6
Bxf6 14. Nde4 Be7 15. Nd5 Bxd5 16. cxd5 Nb4 17. Nc3 c6 18. dxc6 bxc6 19. Rad1
Na6 20. Bxc6 Rxb2 21. Nd5 Kf8 {1/2-1/2 Huang Qian-Harika,D/Mallorca 2004/CBM
102 ext (46)}) 9... Nb4 {A natural move.} (9... Ne7 {is less logical as it
completely justifies White's Qd1-d3:} 10. e4 Ne8 11. Be3 a6 12. Nd2 f5 13. f4
$1 exf4 14. Bxf4 Nf6 15. Rae1 Nd7 16. Nf3 h6 17. h4 Nc5 18. Qd2 fxe4 19. Nxe4
Nxe4 20. Rxe4 Nf5 21. Qe1 $16 {1-0 Bu Xiangzhi-Nijboer,F/Wijk aan Zee 2007/CBM
117 (32)}) 10. Qd1 a5 {Providing the c5 square for the knight.} (10... c5 {
is another option:} 11. dxc6 (11. e4 $5 {, then preparing f2-f4, looks more
logical}) 11... bxc6 12. a3 Na6 13. b4 Be6 14. b5 $6 (14. Qa4 $5 $36 Bxc4 $2
15. Nd2) 14... cxb5 15. cxb5 Nc5 16. Be3 Qa5 17. Bxc5 dxc5 18. Qc1 e4 19. Ng5
Bf5 20. Ra2 Rfe8 21. a4 Rbd8 $15 {1/2-1/2 Kosten,A-Hebden,M/Great Yarmouth ENG
2007/The Week in Chess 666 (39)}) 11. e4 Bd7 12. Ne1 Qe8 13. a3 Na6 14. Nd3 b5
(14... a4 {is another normal reaction. White would continue preparing f2-f4.})
15. cxb5 Bxb5 16. Nxb5 Qxb5 17. Re1 c6 {Getting rid of his backward c7 pawn,
Black must open up the position and White's bishop pair becomes an important
factor.} 18. dxc6 Rfc8 19. b4 axb4 20. Nxb4 Nxb4 21. axb4 Rxc6 (21... Qxb4 $2
22. Ba3) 22. Bd2 Qb7 23. Ra5 $6 {White starts playing inaccurately. It was
essential to support his b4 pawn:} (23. Qb3 $14 {[%cal Ye1b1]}) 23... Bf8 24.
Qa4 $6 Rc4 25. Ra7 Qc8 26. Qb3 d5 $1 {[%csl Rb4]} 27. Qf3 Rb6 28. exd5 e4 29.
Qf4 Qe8 30. Rea1 $2 {After this White loses both his d5 and b4 pawns and must
fight hard for a draw. Meanwhile, he had a tactical defense:} (30. b5 $1 Nxd5
31. Rxe4 $1 Rxe4 32. Qxe4 Qxe4 33. Bxe4 Rxb5 $14 {Of course, Black should draw
with accurate play but still...}) 30... Nxd5 31. Qg5 Rd4 32. Ra8 Rb8 33. Rxb8
Qxb8 34. Be1 Qd6 35. Qc1 Nxb4 36. Bxb4 Rxb4 {and White eventually managed to
survive due to the opposite-coloured bishops:} 37. Qc2 Qb6 38. Kh1 h5 39. Re1
f5 40. f3 e3 41. f4 Kh7 42. h4 Bg7 43. Qc6 Qa7 44. Qe6 Bd4 45. Re2 Rb6 46. Qc4
Rd6 47. Kh2 Qe7 48. Bf3 Bb6 49. Qb3 Qc7 50. Qa2 Ba5 51. Rc2 Rd2+ 52. Rxd2 exd2
53. Qd5 Bc3 54. Kg2 Qe7 55. Qd3 Qc5 56. Qd7+ Kh6 57. Qd3 Ba5 58. Qe2 Qc3 59.
Kh3 Bb4 60. Kg2 Bc5 61. Kh3 Qd4 62. Qe8 Kg7 63. Qe2 Kh7 64. Qf1 Bb4 65. Kg2 Kg7
66. Qe2 Kf8 67. Kh2 Bc5 68. Kh3 Kf7 69. Qf1 Qf2 70. Qd1 Ke7 71. Bg2 Qe1 72. Bf3
Kd8 73. Qe2 Bf2 74. Qd3+ Ke7 75. Qa3+ Kf7 76. Qb3+ Kf8 77. Qb4+ Kg7 78. Qc3+
Kh7 79. Qc7+ Kh6 80. Qc3 Kh7 81. Qc7+ Kh6 1/2-1/2